1770 1645 1895 1996 1807 1299 1247 1923 1797 1361 1057 1589 1600 1885 1073 1998 1484 1516 1080 1219 1360 1422 1680 1088 1861 1573 1441 1057 1463 1014 1973 1380 1654 1836 1407 1621 1573 1375 1387 1731 1913 1166 1464 1395 1166 1464 1421 1596 1740 1809 1487 1915 1473 1313 1754 1107 1346 1019 1497 1738 1824 1803 1046 1320 1832 1934 1559 1378 1138 1892 1735 1558 1272 1892 1992 1433 1831 1060 1635 1664 1510 1785 1446 1101 1855 1477 1992 1670 1612 1032 1190 1419 1702 1899 1860 1803 1159 1439 1750 BCNSPRNW ULIB Ver.6.0+V

เปลี่ยนเป็นภาษาไทย

Change to English
 แสดงรายละเอียดบรรณานุกรม
  กลับหน้าหลัก

Brief Record : Get Marc (ISO 2709) : E-mail record : QR code < ปิดหน้าต่าง
LEADER : 00000nam 2200000uu 4500
001    13399128475
003     ULIB
008    020711s2023 th a 000 0 eng d
020    ^a9780323872294
050  0 ^aLB2331.62.H36^bL742S
100    ^aLinda Anne Silvestri, Angela Silvestri, Donna D. Ignatavicius
245    ^aStrategies for Student Success on the Next Generation NCLEX (R) (NGN) Test Items
250    ^a1st ed
260    ^aSt. Louis, Missouri :^bElsevier,^c2023
300    ^a289 pages;^c30 cm
650    ^aStrategies for Student
945    ^p2315^l0^i010219
999    ^aประนอม เกษจรัล
รายการนี้ยังไม่มีแท็ก
คุณยังไม่ได้ล็อกอิน คุณสามารถมีกิจกรรมร่วมกับเว็บไซต์ได้ แต่ต้องล็อกอินก่อน ::
  ล็อกอิน

รายการสื่อสารสนเทศ

ลำดับที่ ประเภท เลขเรียก/บาร์โค้ด สถานที่ สถานะ
1. การศึกษาทั่วไป
หนังสือสำรอง
สถานะ=หนังสือสำรอง
LB2331.62.H36 L742S ฉ.1 
  Barcode: 010219
ห้องสมุดวิทยาเขตสวรรค์ประชารักษ์
►หนังสือทั่วไป
บนชั้น

BibComment


ยังไม่เคยถูกคอมเมนท์

คอมเมนท์ทรัพยากรรายการนี้
  คอมเมนท์: Strategies for S..


 Copyright 2026. Bcnsprnw @Library